Public health and development in India / (Record no. 95038)

MARC details
000 -LEADER
fixed length control field 00674nam a22002057a 4500
005 - DATE AND TIME OF LATEST TRANSACTION
control field 20150813122956.0
010 ## - LCCN (DPL NO)
LC control number ENG-113526
020 ## - INTERNATIONAL STANDARD BOOK NUMBER
Terms of availability 1200.00
International Standard Book Number 8172113536
020 ## - INTERNATIONAL STANDARD BOOK NUMBER
Terms of availability 1200.00
International Standard Book Number 9788172113537
035 ## - SYSTEM CONTROL NUMBER
System control number EN- 97058
037 ## - SOURCE OF ACQUISITION
Source of stock number/acquisition DBAD/PUB
245 ## - TITLE STATEMENT
Title Public health and development in India /
Statement of responsibility, etc edited by S.B. Nimse [and] M.K. Agarwal
260 ## - PUBLICATION, DISTRIBUTION, ETC. (IMPRINT)
Place of publication, distribution, etc New Delhi
Name of publisher, distributor, etc Northern Book Centre
Date of publication, distribution, etc 2015
270 ## - ADDRESS
Address 4221/1, Ansari Road, Daryaganj
City New Delhi
Postal code 110002
300 ## - PHYSICAL DESCRIPTION
Extent xxxii,335p.
Dimensions 22cm(Hb)
500 ## - GENERAL NOTE
General note Includes bibliographical references and index
700 ## - ADDED ENTRY--PERSONAL NAME
Personal name Nimse, S.B.
700 ## - ADDED ENTRY--PERSONAL NAME
Personal name Agarwal, M.K.
942 ## - ADDED ENTRY ELEMENTS (KOHA)
Source of classification or shelving scheme Dewey Decimal Classification
Item type English Books
Call number suffix PUB
Classification part 362.10954
Holdings
Withdrawn status Lost status Not for loan Collection code Home library Current library Date acquired Source of acquisition Cost, normal purchase price Full call number Barcode Copy number Cost, replacement price Koha item type
    Not For Loan Non-fiction D.B.Act.Division D.B.Act.Division 17/07/2015 DBAD/PUB 1200.00 362.10954 PUB EN-97058 1 1200.00 English Books

© Delhi Public Library
Hit Counter
free hit counter